| 000 | 00524nam a2200193Ia 4500 | ||
|---|---|---|---|
| 003 | OSt | ||
| 005 | 20250206171019.0 | ||
| 008 | 210210b1939 xxu||||| |||| 00| 0 eng d | ||
| 040 | _cAL | ||
| 041 | _ahin | ||
| 082 | _a862/57 | ||
| 100 |
_aJAMBUNATHAN (M V) _9198228 |
||
| 110 |
_bजाम्बुनाथन (एम् वी) _9198230 |
||
| 245 |
_aHindi kahavaten: _bहिंदी कहावतें |
||
| 260 |
_aBengaluru _b- _c1939 |
||
| 690 |
_aHindi Prose _9198229 |
||
| 906 | _a023303 | ||
| 942 |
_2ddc _cBK |
||
| 999 |
_c148263 _d148263 |
||